Statistics for Biggest Trading Partners - UK - One Minute Sprint

Click here to take the quiz!

General Stats

  • This quiz has been taken 77 times
  • The average score is 13 of 19

Answer Stats

exportsimportscountry% Correct
60.4 bil59.1 bilUnited States
100%
26.1 bil33.3 bilFrance
96%
43.8 bil86.5 bilGermany
93%
13.1 bil23.3 bilItaly
90%
12.7 bil21.7 bilSpain
90%
26.8 bil66.6 bilChina
88%
6.15 bil13.6 bilCanada
85%
25.5 bil46.4 bilNetherlands
79%
15.8 bil31.5 bilBelgium
78%
22.9 bil17.6 bilIreland
75%
12.3 bilPoland
71%
6.35 bil12.4 bilJapan
69%
6.12 bilSweden
69%
17.3 bilNorway
66%
18.9 bil28.6 bilSwitzerland
53%
6.02 bil12.0 bilTurkey
46%
8.97 bilUnited Arab Emirates
25%
9.72 bilSouth Africa
22%
6.11 bilSingapore
19%

Score Distribution

Percentile by Number Answered

Percent of People with Each Score

Your Score History

You have not taken this quiz